Statistics for A Song of Ice and Fire (Game of Thrones) characters *BOOK SPOILERS*

Click here to take the quiz!

General Stats

  • This quiz has been taken 7,226 times
    (3,232 since last reset)
  • The average score is 58 of 123

Answer Stats

HintAnswer% Correct
Hand of the King / Lord of WinterfellEddard Stark
100%
King in the NorthRobb Stark
96%
The Bastard of WinterfellJon Snow
94%
Lady StoneheartCatelyn Stark
93%
Youngest Prince of WinterfellRickon Stark
91%
Cat of the CanalsArya Stark
83%
The Winged WolfBrandon Stark
83%
Alayne StoneSansa Stark
81%
The Bastard of DreadfortRamsay 'Snow' Bolton
80%
Reek (Book 5)Theon Greyjoy
78%
Mother of DragonsDaenerys Targaryen
77%
King Beyond the WallMance Rayder
76%
The Red WomanMelisandre
76%
Lord of Bear IslandJorah Mormont
75%
Maester at WinterfellMaester Luwin
75%
The Kraken's DaughterAsha Greyjoy (Yara)
73%
Captain of the UnsulliedGrey Worm
73%
KingslayerJaime Lannister
73%
The Old BearJeor Mormont
73%
The ImpTyrion Lannister
73%
Queen RegentCersei Lannister
72%
The Usurper KingRobert Baratheon
72%
The SlayerSamwell Tarly
72%
The HoundSandor Clegane
72%
Hand of the King / Lord of the EyrieJon Arryn
71%
Lady of the ValeLysa Tully
71%
LittlefingerPetyr Baelish
71%
Lord of Casterly Rock / Hand of the KingTywin Lannister
71%
Maester at Castle BlackAemon Targaryen
70%
First RangerBenjen Stark
70%
King (the elder son)Joffrey Baratheon
70%
The Great RiderKhal Drogo
70%
The SpiderLord Varys
70%
Wildling Kissed by FireYgritte
70%
The Mountain That RidesGregor Clegane
69%
Lord of DreadfortRoose Bolton
69%
King at the WallStannis Baratheon
69%
King (the younger son)Tommen Baratheon
69%
Lord of the TwinsWalder Frey
68%
The Beggar KingViserys Targaryen
67%
The Mad KingAerys Targaryen II
66%
PrincessMyrcella Baratheon
66%
The Dragon PrinceRhaegar Targaryen
66%
Crow's EyeEuron Greyjoy
65%
Grand MaesterPycelle
65%
Lord of RiverrunEdmure Tully / Hoster Tully
64%
SweetrobinRobert Arryn
64%
King of Salt and RockBalon Greyjoy
63%
The Onion KnightDavos Seaworth
63%
The GreatjonJon Umber
63%
Knight of FlowersLoras Tyrell
60%
The Maid of TarthBrienne of Tarth
57%
Commander of the City Watch / Lord of HarrenhalJanos Slynt
55%
QueenMargaery Tyrell
55%
Queen of ThornsOlenna Redwyne
54%
Arstan WhitebeardBarristan Selmy
53%
The BlackfishBrynden Tully
53%
The Red ViperOberyn Martell
53%
'Arya Stark'Jeyne Poole
52%
HalfhandQhorin Halfhand
52%
Tall-talker / Horn-blower / Breaker of Ice etc.Tormund Giantsbane
50%
The Lightning LordBeric Dondarrion
47%
The Red WizardThoros of Myr
47%
Young GriffAegon Targaryen
45%
Prince of Dorne / Lord of SunspearDoran Martell
45%
King's JusticeIlyn Payne
43%
The Iron CaptainVictarion Greyjoy
43%
DamphairAeron Greyjoy
41%
Captain of the Stormcrows (Book 5)Daario Naharis
41%
Former First Sword of BraavosSyrio Forel
41%
Oaf of Highgarden / Hand of the KingMace Tyrell
40%
Master-at-arms at Castle BlackAlliser Thorne
39%
The Bloody MaesterQyburn
38%
King at HighgardenRenly Baratheon
38%
Queen of the NorthJeyne Westerling
37%
GriffJon Connington
37%
Three-Eyed Raven / BloodravenBrynden Rivers
35%
The BullGendry
35%
Lady NymNymeria Sand
35%
Princess of DorneArianne Martell
34%
Dolorous EddEddison Tollett
34%
Lord RegentKevan Lannister
34%
Wildling PrincessVal
31%
Eldest Sand SnakeObara Sand
30%
Lord Protector of StokeworthBronn of the Blackwater
27%
The Serpent's Whore / Bastard of HellholtEllaria Sand
27%
Prince FrogQuentyn Martell
27%
The CleftjawDagmer Cleftjaw
26%
RattleshirtThe Lord of Bones
26%
Captain of the Guard at SunspearAreo Hotah
24%
Little GrandfatherJojen Reed
24%
Lord LampreyWyman Manderley
24%
3rd Sand SnakeTyene Sand
23%
The GoatVargo Hoat
23%
King of MeereenHizdahr zo Loraq
22%
Commander of the Second Sons (Book 5)Brown Ben Plumm
20%
Lord Steward of the Night's WatchBowen Marsh
19%
First Builder of the Night's WatchOthell Yarwyck
19%
The Magnar of ThennStyr / Sigorn
19%
The ArcherAnguy
18%
The CheesemongerIllyrio Mopatis
18%
CrowfoodMors Umber
18%
Captain-General of the Golden CompanyHomeless Harry Strickland
17%
The Bastard of Driftmark / 'Lord of the Waters'Aurane Waters
16%
The Red / 'Florian'Dontos Hollard
16%
DarkstarGerold Dayne
16%
Lord of DarryLancel Lannister
15%
The SphinxSarella Sand (Alleras)
14%
JinglebellAegon Frey
13%
WhoresbaneHother Umber
13%
Wandering CrowYoren
13%
The Alchemist'Jaqen H'ghar'
12%
'Prince of the Narrow Sea'Salladhor Saan
12%
Gatehouse AmiAmerei Frey
10%
The Titan's BastardMero the Braavosi
10%
Archmaester / The MageMarwyn
9%
The ShavepateSkahaz mo Kandaq
9%
LumpVaramyr Sixskins
9%
The Green GraceGalazza Galare
8%
Lady LanceElia Sand
7%
Black FlameMoqorro
7%
The Yellow WhaleYezzan zo Qaggaz
7%
The Bastard of GodsgraceDaemon Sand
6%

Score Distribution

Percentile by Number Answered

Percent of People with Each Score

Your Score History

You have not taken this quiz since the last reset